00538cam a2200145 450000500170000000800410001705000220005810000270008024501430010725000120025026000460026230000260030850400220033465000360035620250909114211.0250715b ag |||||||| |||| 00| 0 spa d04aKHA5862bP56 19741 aPiombo, Horacio Daniel 0aExtradición de nacionalesb : proyecciones sustanciales, procesales e internacionales de la regla interdictoriac/ Horacio Daniel Piombo a1a ed.  aBuenos Aires :bEdiciones Depalma, c1974 axvi, 295 p. ;c23 cm. aIncluye índices 72lembaExtradicciónxArgentina